Criminología /

Guardado en:
Autor Principal: Hall, Jerome
Otros Autores: Aftalión, Enrique R., (prol.)
Formato: Libro
Idioma:Spanish
Publicado: Buenos Aires : Depalma, 1963
Materias:
Etiquetas: Agregar Etiqueta
Sin Etiquetas, Sea el primero en etiquetar este registro!
LEADER 00449nam a22001455a 4500
001 DER.der009602
008 180615s1963####ag#||||||||||||||#||spa||
005 20260127132242.0
245 1 0 |a Criminología /  |c Jerome Hall , con prólogo de Enrique R. Aftalión 
260 |a Buenos Aires :  |b Depalma,  |c 1963 
300 |a 267 p. 
100 1 |a Hall, Jerome 
700 1 |a Aftalión, Enrique R.,  |e prol. 
650 7 |a CRIMINOLOGÍA 
859 |a DERECHO  |b BIB. DERECHO  |h 364  |i HAL  |p 006262